capital cities- multi choice - Statistics

General Stats
  • This quiz has been taken 11 times
  • The average score is 9 of 10
Answer Stats
Question Answer % Correct
capital of greece athens
100%
capital of spain madrid
100%
capital of france paris
100%
capital of poland warsaw
100%
capital of brazil brazilia
91%
capital of bulgaria sofia
91%
capital of new zealand wellington
91%
capital of morroco rabat
82%
capital of romania burchapest
73%
capital of burundi gitega
73%
No matching quizzes found
Score Distribution
Percent of People with Each Score
Percentile by Number Answered
Your Score History
You have not taken this quiz